ბათუმის შოთა რუსთაველის სახელმწიფო უნივერსიტეტის ბიბლიოთეკა

ფიქციები : (ბიბ.ჩანაწერი № 62424)

000 -ლიდერი
ფიქსირებული სიგრძის საკონტროლო ველი 01401nam a22002537a 4500
003 - საკონტროლო ნომრის იდენტიფიკატორი
საკონტროლო ველი Ge_BSU
005 - ბოლო ოპერაციის თარიღი და დრო
საკონტროლო ველი 20241030154059.0
008 - ფიქსირებული სიგრძის მონაცემთა ელემენტები - ზოგადი ინფორმაცია
ფიქსირებული სიგრძის საკონტროლო ველი 241030s2022 ge ||||| |||| 00| 0 geo d
020 ## - წიგნის საერთაშორისო სტანდარტული ნომერი
International Standard Book Number 9789941308611
041 ## - ენის კოდი
Language code of text/sound track or separate title geo
080 ## - უნივერსალური ათობითი კლასიფიკაციის ინდექსი
Universal Decimal Classification number 821.134.8.03=353.1 ბ-86
100 ## - მთავარი ჩანაწერი - პიროვნების სახელი
Personal name ბორხესი, ხორხე ლუის
9 (RLIN) 23554
245 ## - ცნობა სათაურის შესახებ
Title ფიქციები :
Remainder of title [მოთხრობები] /
Statement of responsibility, etc ხორხე ლუის ბორხესი; დოდო ყვავილაშვილის თარგმანი; რედაქტორი ანა ჭაბაშვილი; დიზაინერი ია მახათაძე.
264 ## - წარმოების, გამოცემის, დისტრიბუციის და სხვა ცნობები
გამოცემის, წარმოების, დისტრიბუციის... ადგილი თბილისი :
გამოცემის, წარმოების, დისტრიბუციის... სახელწოდება სულაკაური,
გამოცემის, წარმოების, დისტრიბუციის... თარიღი 2022.
300 ## - ფიზიკური აღწერა
Extent 199 გვ. ;
Other physical details 20 სმ.
490 ## - სერიის ცნობა
Series statement ლიტოდისეა
500 ## - ზოგადი შენიშვნა
General note ყდაზე: რუსლან ბერიძის ილუსტრაცია.
653 ## - INDEX TERM--UNCONTROLLED
Uncontrolled term არგენტინული პროზა
653 ## - INDEX TERM--UNCONTROLLED
Uncontrolled term თარგმანები ქართულ ენაზე.
700 ## - ADDED ENTRY--PERSONAL NAME
Personal name ყვავილაშვილი, დოდო
Relator term მთარგმნელი
9 (RLIN) 13765
700 ## - ADDED ENTRY--PERSONAL NAME
Personal name ჭაბაშვილი, ანა
Relator term რედაქტორი.
9 (RLIN) 995
700 ## - ADDED ENTRY--PERSONAL NAME
Personal name მახათაძე, ია
Relator term დიზაინერი
9 (RLIN) 5299
942 ## - ADDED ENTRY ELEMENTS (KOHA)
Source of classification or shelving scheme
Koha item type წიგნი
ეგზემპლარები
ჩამოწერის სტატუსი დაკარგული ეგზემპლარის სტატუსი კლასიფიკაციის წყარო ან თაროზე გაწყობის სქემა დაზიანების სტატუსი არ გაიცემა მუდმივი მდებარეობა (დაცვის ადგილი) ამჟამინდელი ადგილსამყოფელი თაროზე განთავსების ადგილი შეძენის თარიღი ღირებულება, შესყიდვის ნორმალური ფასი სრული შენახვის შიფრი შტრიხკოდი ბოლო ოპერაციის თარიღი ეგზემპლარის მიმდევრობითი ნომერი (კეტერი?) ფასის ძალაში შესვლის თარიღი ეგზემპლარის სახეობა საჯარო შენიშვნა
          ბათუმის შოთა რუსთაველის სახელმწიფო უნივერსიტეტის მთავარი ბიბლიოთეკა ბათუმის შოთა რუსთაველის სახელმწიფო უნივერსიტეტის მთავარი ბიბლიოთეკა წიგნსაცავი 2024-10-30 12.90 821.134.8.03=353.1 ბ-86 69546 2024-10-30 69546 2024-10-30 წიგნი 12 ლ. 90 თ.